LEADER 00752nam0-22002891i-450- 001 990002008780403321 005 20040528100926.0 035 $a000200878 035 $aFED01000200878 035 $a(Aleph)000200878FED01 035 $a000200878 100 $a20030910d1958----km-y0itay50------ba 101 0 $ager 105 $ay---a---001yy 200 1 $aSymbiose im Tierreich$fHorst Fuller 210 $aWittemberg$cA. Ziemsen$d1958 215 $a227 p.$d21 cm 610 0 $aSimbiosi 676 $a591.524 700 1$aFuller,$bHorst$084957 801 0$aIT$bUNINA$gRICA$2UNIMARC 901 $aBK 912 $a990002008780403321 952 $a61 III D.1/18$b1638$fDAGEN 959 $aDAGEN 996 $aSymbiose im Tierreich$9402656 997 $aUNINA LEADER 01969oam 2200457 a 450 001 9910701264903321 005 20111205165928.0 035 $a(CKB)5470000002416407 035 $a(OCoLC)755040682 035 $a(EXLCZ)995470000002416407 100 $a20110929d2011 ua 0 101 0 $aeng 135 $aurmn||||||||| 181 $ctxt$2rdacontent 182 $cc$2rdamedia 183 $acr$2rdacarrier 200 10$aHomeland security$b[electronic resource] $echallenges for the food and agriculture sector in responding to potential terrorist attacks and natural disasters : testimony before the Subcommittee on Oversight of Government Management, the Federal Workforce, and the District of Columbia, Committee on Homeland Security and Governmental Affairs, U.S. Senate /$fstatement of Lisa Shames 210 1$a[Washington, D.C.] :$cU.S. Govt. Accountability Office,$d[2011] 215 $a1 online resource (9 pages) 225 1 $aTestimony ;$vGAO-11-946T 300 $aTitle from title screen (viewed on Sept. 29, 2011). 300 $a"For release on ... September 13, 2011." 320 $aIncludes bibliographical references. 517 $aHomeland security 606 $aFood supply$xSecurity measures$zUnited States 606 $aTerrorism$zUnited States$xPrevention 606 $aNational security$zUnited States 615 0$aFood supply$xSecurity measures 615 0$aTerrorism$xPrevention. 615 0$aNational security 700 $aShames$b Lisa$01384432 712 02$aUnited States.$bCongress.$bSenate.$bCommittee on Homeland Security and Governmental Affairs.$bSubcommittee on Oversight of Government Management, the Federal Workforce, and the District of Columbia. 712 02$aUnited States.$bGovernment Accountability Office. 801 0$bVVK 801 1$bVVK 801 2$bVVK 801 2$bGPO 906 $aBOOK 912 $a9910701264903321 996 $aHomeland security$93497384 997 $aUNINA